000
00223nam a22000857a 4500
008
160630b xxu||||| |||| 00| 0 eng d
100
_9
1448
_a
Tayal, B.B., et al
245
_a
New Social Sciences - VIII
260
_a
N.D
_b
Arya
_c
2005
999
_c
1194
_d
1194